El histórico cementerio republicano (de la Almudena) y la cultura de la muerte cusqueña / (Record no. 9841)

000 -CABECERA
fixed length control field 00946nam a22002177a 4500
003 - IDENTIFICADOR DEL NÚMERO DE CONTROL
control field AR-CdUCM
008 - DATOS DE LONGITUD FIJA--INFORMACIÓN GENERAL
fixed length control field 190328b ||||| |||| 00| 0 spa d
040 ## - FUENTE DE LA CATALOGACIÓN
Agencia/entidad que catalogó originalmente la obra MUNICIPALIDAD PROVINCIAL DEL CUSCO
Entidad que transcribió la catalogación BIBLIOTECA MUNICIPAL DEL CUSCO
082 ## - NÚMERO DE LA CLASIFICACIÓN DECIMAL DEWEY
No. de Clasificación C / 726.809 /
Notacion interna C23
100 ## - ENTRADA PRINCIPAL--NOMBRE DE PERSONA
Nombre Personal Calvo C., Rossano
245 ## - MENCIÓN DE TÍTULO
Título El histórico cementerio republicano (de la Almudena) y la cultura de la muerte cusqueña /
260 ## - PUBLICACIÓN, DISTRIBUCIÓN, ETC.
Lugar de publicación, distribución, etc. Cusco :
Nombre de la editorial, distribuidor, etc. Alpha servicios gráficos,
Fecha de publicación, distribución, etc. 2010.
300 ## - DESCRIPCIÓN FÍSICA
Nº de Páginas Extensión 64 páginas ;
Otros detalles físicos Fotografías,
Dimensiones 20 cm.
440 ## - MENCIÓN DE SERIE/PUNTO DE ACCESO ADICIONAL--TÍTULO
Título Monumentos del Cusco
9 (RLIN) 26324
505 ## - NOTA DE CONTENIDO CON FORMATO
Nota de contenido formateada Contenido: El hombre ante la muerte -- La tradición histórica funeraria en el Cusco -- EL cementerio de la Almudena en el Cusco de antaño -- Cultura artística católica en un espacio monumental...
650 ## - PUNTO DE ACCESO ADICIONAL DE MATERIA--TÉRMINO DE MATERIA
Descriptor Monumentos funerarios
9 (RLIN) 26325
650 ## - PUNTO DE ACCESO ADICIONAL DE MATERIA--TÉRMINO DE MATERIA
Descriptor Esculturas funerarias
9 (RLIN) 26326
650 ## - PUNTO DE ACCESO ADICIONAL DE MATERIA--TÉRMINO DE MATERIA
Descriptor Muerte en el arte
9 (RLIN) 26327
942 ## - ELEMENTOS DE PUNTO DE ACCESO ADICIONAL (KOHA)
Fuente de clasificación
Tipo de item Libros-BMC
945 ## - PROCESAMIENTO DE INFORMACIÓN LOCAL (OCLC)
Catalogador davv
Holdings
Estado de retiro (separado) Fuente de clasificación o esquema de estanterías Estado dañado Ubicación Sala donde se ubica Nombre de la colección Fecha de adquisición o compra Costo, precio normal en soles Signatura topográfica Código de Barras Última vez visto (Koha) Tipo de ítem (Koha)
No     Sala Cusco Antiguo Sala Cusco Antiguo Book Cart 2019-03-28 25.00 C / 726.809 / C23 SCA0000434 2019-03-28 Libros-BMC

Powered by Koha